000 00248 a2200097 4500
001 51362
100 _aAmerican Society for Metals
245 _aSource Book on Cold Forming
260 _aOhio
_bAmerican Society for Metals
_c
090 _c32553
_d32553
942 _aNUST-CAE
_cM
_c25062
999 _c286435
_d286435